000 00632nam a2200121Ia 4500
008 220620s9999||||xx |||||||||||||| ||und||
100 _aHauschildt, Kristina||Gwosc, Christoph||Netz, Nicolai||Mishra, Shweta
245 0 _aSocial and Economic Conditions of Student Life in Europe
_bSynopsis of indicators. Eurostudent V 2012-2015
546 _aEnglish[eng]
650 _aSociology||Hochschulforschung
856 _uhttps://library.oapen.org/bitstream/20.500.12657/30950/1/640950.pdf||https://library.oapen.org/bitstream/20.500.12657/30950/1/640950.pdf||https://library.oapen.org/bitstream/20.500.12657/30950/1/640950.pdf
942 _cEB
999 _c25243
_d25243